00994nam a22002777a 45000010005000000030006000050050017000110080041000280200018000690400029000870500013001160820010001291000027001392450035001662600037002013000049002384900037002875050008003245200163003325210022004955210020005176500025005379420015005629990015005779520124005923540FISKH20240322132948.0240318b cb ||||| |||| 00| 0 eng d a9780531186794 aFISKHbengcFISKHdFISKH aDT92.G73 a93202 aGreen, Roberteauthor  aCleopatra / cby Robert Green  aNew York : bScholastic , c1996 a63 pages :bcolor illustrations ; c22 cm .  a Ancient Biographies, First Book aZ  aPresents the life of the Egyptian queen whose dream of controlling most of the known world was never fulfilled even though she was allied to a powerful Roman.8 a1060 bLexile 8 aZ bRaz-Plus  ahistoryvNon-fiction 2ddccBKn0 c3540d3540 00102ddc40708NFICa001b001cSNSd2024-03-18l0oGRE 932.02 DT92.G73pFIS04707r2024-03-18 10:10:24w2024-03-18yBK